000 00427nam a2200181Ia 4500
001 21073
005 20260306172852.0
008 260306t2015||||xx |||||||||||||| ||spa||
041 _aESP
082 _a344
_bM22
100 _aMantovani, Ferrando
_eAUT
245 0 _aLos principios del derecho penal
260 _c2015
300 _a718 páginas :
_c24 cm.
650 _aGEN
654 _aCDE
942 _cLIB
_dJUS
_fJUS
_2ddc
_n
999 _c21073
_d21073